[Event "DVM U14 2021"]
[Site "Willingen GER"]
[Date "2022.08.14"]
[Round "4"]
[White "Stiehl, Richard"]
[Black "Sun, Christopher"]
[Result "0-1"]
[Termination "normal"]
[Board "10.4"]
[WhiteElo "1272"]
[BlackElo "1091"]
[WhiteClock "00:14:44"]
[BlackClock "00:46:43"]
[WhiteTeam "SV Multatuli Ingelheim"]
[BlackTeam "Karlsruher SF 1853"]
[PlyCount "54"]
[WhiteFideId "16298063"]
[BlackFideId "34630368"]
[EventCountry "GER"]
[EventRounds "7"]
[EventType "team-swiss"]
[EventDate "2022.08.12"]

1. e4 {[%clk 01:30:59]} e5 {[%clk 01:30:55]} {[%emt 00:00:06]} 2. Nf3 {[%clk
01:31:25]} {[%emt 00:00:04]} Nc6 {[%clk 01:31:13]} {[%emt 00:00:12]} 3. Bc4
{[%clk 01:31:50]} {[%emt 00:00:04]} Nf6 {[%clk 01:31:31]} {[%emt 00:00:12]} 4.
d3 {[%clk 01:32:12]} {[%emt 00:00:08]} Bc5 {[%clk 01:31:55]} {[%emt 00:00:06]}
5. Nc3 {[%clk 01:32:35]} {[%emt 00:00:07]} h6 {[%clk 01:31:32]} {[%emt
00:00:53]} 6. a3 {[%clk 01:32:53]} {[%emt 00:00:11]} d6 {[%clk 01:31:31]}
{[%emt 00:00:32]} 7. h3 {[%clk 01:33:06]} {[%emt 00:00:17]} O-O {[%clk
01:31:07]} {[%emt 00:00:54]} 8. Bd2 {[%clk 01:32:09]} {[%emt 00:01:26]} a6
{[%clk 01:31:12]} {[%emt 00:00:26]} 9. O-O {[%clk 01:31:32]} {[%emt 00:01:06]}
Ne7 {[%clk 01:30:35]} {[%emt 00:01:08]} 10. Re1 {[%clk 01:28:51]} {[%emt
00:03:10]} Ng6 {[%clk 01:30:10]} {[%emt 00:00:55]} 11. Ne2 {[%clk 01:25:42]}
{[%emt 00:03:39]} Be6 {[%clk 01:27:21]} {[%emt 00:03:19]} 12. Ba2 {[%clk
01:24:33]} {[%emt 00:01:39]} c6 {[%clk 01:25:45]} {[%emt 00:02:07]} 13. Ng3
{[%clk 01:21:51]} {[%emt 00:03:12]} Qd7 {[%clk 01:21:43]} {[%emt 00:04:32]} 14.
Be3 {[%clk 01:13:13]} {[%emt 00:09:07]} Bxe3 {[%clk 01:19:38]} {[%emt
00:02:03]} 15. fxe3 {[%clk 01:12:55]} {[%emt 00:01:20]} d5 {[%clk 01:17:32]}
{[%emt 00:02:36]} 16. exd5 {[%clk 01:09:36]} {[%emt 00:03:49]} cxd5 {[%clk
01:16:45]} {[%emt 00:01:15]} 17. Kh2 {[%clk 01:08:25]} {[%emt 00:01:43]} Rac8
{[%clk 01:15:41]} {[%emt 00:01:35]} 18. Qd2 {[%clk 00:58:57]} {[%emt 00:09:58]}
Rfd8 {[%clk 01:13:50]} {[%emt 00:02:20]} 19. Rac1 {[%clk 00:55:34]} {[%emt
00:03:54]} Kh8 {[%clk 01:08:57]} {[%emt 00:05:23]} 20. Bb3 {[%clk 00:50:04]}
{[%emt 00:06:01]} e4 {[%clk 01:02:09]} {[%emt 00:07:18]} 21. Nd4 {[%clk
00:44:48]} {[%emt 00:05:46]} Qc7 {[%clk 00:58:36]} {[%emt 00:04:02]} 22. Red1
{[%clk 00:34:00]} {[%emt 00:11:18]} h5 {[%clk 00:57:07]} {[%emt 00:02:00]} 23.
h4 {[%clk 00:31:59]} {[%emt 00:02:30]} Ng4+ {[%clk 00:54:50]} {[%emt 00:02:46]}
24. Kg1 {[%clk 00:30:32]} {[%emt 00:01:56]} Qxg3 {[%clk 00:54:27]} {[%emt
00:00:52]} 25. Re1 {[%clk 00:23:21]} {[%emt 00:07:42]} Nxh4 {[%clk 00:49:52]}
{[%emt 00:05:05]} 26. Kf1 {[%clk 00:17:59]} {[%emt 00:05:53]} Nh2+ {[%clk
00:46:59]} {[%emt 00:03:22]} 27. Kg1 {[%clk 00:14:44]} {[%emt 00:03:45]} N2f3+
{[%clk 00:46:43]} {[%emt 00:00:46]} 0-1

[Event "DVM U14 2021"]
[Site "Willingen GER"]
[Date "2022.08.15"]
[Round "5"]
[White "Freude, Max"]
[Black "Fuhrmann, Bahne"]
[Result "1/2-1/2"]
[Termination "normal"]
[Board "1.1"]
[WhiteElo "1819"]
[BlackElo "2079"]
[WhiteClock "00:18:54"]
[BlackClock "00:10:17"]
[WhiteTeam "SV Empor Berlin"]
[BlackTeam "Hamburger SK 1830"]
[PlyCount "60"]
[WhiteFideId "16236157"]
[BlackFideId "16244842"]
[EventCountry "GER"]
[EventRounds "7"]
[EventType "team-swiss"]
[EventDate "2022.08.12"]

1. e4 {[%clk 01:30:52]} {[%emt 00:00:01]} e5 {[%clk 01:31:23]} 2. d4 {[%clk
01:31:16]} exd4 {[%clk 01:31:49]} 3. Qxd4 {[%clk 01:31:02]} Nc6 {[%clk
01:32:14]} 4. Qe3 {[%clk 01:23:02]} g6 {[%clk 01:24:01]} 5. h4 {[%clk
01:08:33]} Qe7 {[%clk 01:22:45]} 6. Nc3 {[%clk 01:07:57]} Nb4 {[%clk 01:04:06]}
7. Bd3 {[%clk 01:03:13]} Qc5 {[%clk 00:55:08]} 8. Nf3 {[%clk 00:57:14]} Nf6
{[%clk 00:47:38]} 9. O-O {[%clk 00:54:36]} Qxe3 {[%clk 00:47:58]} 10. Bxe3
{[%clk 00:52:54]} Bg7 {[%clk 00:44:42]} 11. Nb5 {[%clk 00:53:07]} Na6 {[%clk
00:33:13]} 12. Rfe1 {[%clk 00:52:07]} O-O {[%clk 00:31:33]} 13. Nxa7 {[%clk
00:36:45]} Nb4 {[%clk 00:25:36]} 14. Nxc8 {[%clk 00:35:37]} Raxc8 {[%clk
00:25:03]} 15. a3 {[%clk 00:33:44]} d5 {[%clk 00:18:02]} 16. e5 {[%clk
00:33:58]} Nxd3 {[%clk 00:18:12]} 17. cxd3 {[%clk 00:31:57]} Nd7 {[%clk
00:17:50]} 18. d4 {[%clk 00:27:31]} c5 {[%clk 00:13:20]} 19. dxc5 {[%clk
00:20:27]} Nxc5 {[%clk 00:08:22]} 20. Rac1 {[%clk 00:19:42]} Nd3 {[%clk
00:08:45]} 21. Rxc8 {[%clk 00:20:08]} Rxc8 {[%clk 00:09:07]} 22. Rd1 {[%clk
00:19:05]} Nxe5 {[%clk 00:09:32]} 23. Nxe5 {[%clk 00:19:32]} Bxe5 {[%clk
00:09:55]} 24. Rxd5 {[%clk 00:19:24]} Bxb2 {[%clk 00:10:21]} 25. Rb5 {[%clk
00:19:36]} Bxa3 {[%clk 00:10:45]} 26. Rxb7 {[%clk 00:19:19]} Bd6 {[%clk
00:10:46]} 27. g3 {[%clk 00:18:58]} Be5 {[%clk 00:10:32]} 28. Kg2 {[%clk
00:19:05]} Kg7 {[%clk 00:10:30]} 29. Rd7 {[%clk 00:18:55]} Rc2 {[%clk
00:10:17]} 30. Bd4 {[%clk 00:18:54]} Bxd4 1/2-1/2

[Event "DVM U14 2021"]
[Site "Willingen GER"]
[Date "2022.08.15"]
[Round "5"]
[White "Krüger, Arthur"]
[Black "Nitsche, Nikolai"]
[Result "1-0"]
[Termination "normal"]
[Board "1.2"]
[WhiteElo "1996"]
[BlackElo "1817"]
[WhiteClock "00:26:24"]
[BlackClock "00:21:01"]
[WhiteTeam "Hamburger SK 1830"]
[BlackTeam "SV Empor Berlin"]
[PlyCount "43"]
[WhiteFideId "16244966"]
[BlackFideId "16221036"]
[EventCountry "GER"]
[EventRounds "7"]
[EventType "team-swiss"]
[EventDate "2022.08.12"]

1. d4 {[%clk 01:30:56]} {[%emt 00:00:02]} d5 {[%clk 01:30:12]} {[%emt
00:00:49]} 2. Bf4 {[%clk 01:31:19]} {[%emt 00:00:07]} Nf6 {[%clk 01:30:27]}
{[%emt 00:00:14]} 3. e3 {[%clk 01:31:33]} {[%emt 00:00:16]} g6 {[%clk
01:30:50]} {[%emt 00:00:08]} 4. c3 {[%clk 01:30:54]} {[%emt 00:01:09]} Bg7
{[%clk 01:31:16]} {[%emt 00:00:05]} 5. Nf3 {[%clk 01:30:55]} {[%emt 00:00:28]}
O-O {[%clk 01:31:19]} {[%emt 00:00:27]} 6. Be2 {[%clk 01:30:47]} {[%emt
00:00:37]} Nh5 {[%clk 01:29:00]} {[%emt 00:02:50]} 7. Be5 {[%clk 01:30:02]}
{[%emt 00:01:15]} f6 {[%clk 01:29:00]} {[%emt 00:00:31]} 8. Bg3 {[%clk
01:29:58]} {[%emt 00:00:34]} Nxg3 {[%clk 01:29:17]} {[%emt 00:00:12]} 9. hxg3
{[%clk 01:30:25]} {[%emt 00:00:02]} e5 {[%clk 01:29:15]} {[%emt 00:00:33]} 10.
Qb3 {[%clk 01:26:11]} {[%emt 00:04:44]} c6 {[%clk 01:22:41]} {[%emt 00:07:04]}
11. c4 {[%clk 01:23:34]} {[%emt 00:03:07]} dxc4 {[%clk 01:09:47]} {[%emt
00:13:25]} 12. Bxc4+ {[%clk 01:23:36]} {[%emt 00:00:27]} Kh8 {[%clk 01:09:40]}
{[%emt 00:00:37]} 13. Nc3 {[%clk 01:09:24]} {[%emt 00:14:42]} b5 {[%clk
00:58:12]} {[%emt 00:11:58]} 14. Nxb5 {[%clk 00:57:50]} {[%emt 00:12:05]} Bg4
{[%clk 00:48:23]} {[%emt 00:10:18]} 15. Nc3 {[%clk 00:52:29]} {[%emt 00:05:52]}
Bxf3 {[%clk 00:37:16]} {[%emt 00:11:36]} 16. gxf3 {[%clk 00:52:42]} {[%emt
00:00:17]} exd4 {[%clk 00:37:41]} {[%emt 00:00:06]} 17. O-O-O {[%clk 00:50:15]}
{[%emt 00:02:56]} f5 {[%clk 00:33:35]} {[%emt 00:04:35]} 18. exd4 {[%clk
00:48:10]} {[%emt 00:02:35]} Nd7 {[%clk 00:31:46]} {[%emt 00:02:20]} 19. Qc2
{[%clk 00:31:56]} {[%emt 00:16:44]} Nb6 {[%clk 00:29:33]} {[%emt 00:02:43]} 20.
Bb3 {[%clk 00:27:12]} {[%emt 00:05:13]} Rc8 {[%clk 00:27:19]} {[%emt 00:02:45]}
21. Qd2 {[%clk 00:26:34]} {[%emt 00:01:09]} Qf6 {[%clk 00:21:01]} {[%emt
00:06:48]} 22. Rxh7+ {[%clk 00:26:24]} {[%emt 00:00:39]} 1-0

[Event "DVM U14 2021"]
[Site "Willingen GER"]
[Date "2022.08.15"]
[Round "5"]
[White "Bungarten, Jona"]
[Black "Malinowsky, Levi"]
[Result "1-0"]
[Termination "normal"]
[Board "2.1"]
[WhiteElo "2012"]
[BlackElo "1836"]
[WhiteClock "00:25:24"]
[BlackClock "00:54:46"]
[WhiteTeam "SF Brackel 1930"]
[BlackTeam "SK Doppelbauer Kiel"]
[PlyCount "73"]
[WhiteFideId "16223608"]
[BlackFideId "16253094"]
[EventCountry "GER"]
[EventRounds "7"]
[EventType "team-swiss"]
[EventDate "2022.08.12"]

1. e4 {[%clk 01:30:54]} {[%emt 00:00:01]} c5 {[%clk 01:31:19]} 2. d4 {[%clk
01:31:15]} cxd4 {[%clk 01:31:45]} 3. c3 {[%clk 01:31:22]} Nf6 {[%clk 01:32:02]}
4. e5 {[%clk 01:31:39]} Nd5 {[%clk 01:32:25]} 5. Nf3 {[%clk 01:31:01]} Nc6
{[%clk 01:32:43]} 6. Bc4 {[%clk 01:30:36]} Nb6 {[%clk 01:33:01]} 7. Bb3 {[%clk
01:29:31]} d6 {[%clk 01:29:14]} 8. exd6 {[%clk 01:29:21]} Qxd6 {[%clk
01:29:33]} 9. O-O {[%clk 01:26:02]} g6 {[%clk 01:23:55]} 10. Ng5 {[%clk
01:05:23]} Be6 {[%clk 01:17:09]} 11. Na3 {[%clk 00:59:40]} a6 {[%clk 01:13:37]}
12. Re1 {[%clk 00:54:36]} dxc3 {[%clk 01:12:45]} 13. Bxe6 {[%clk 00:52:19]}
fxe6 {[%clk 01:12:51]} 14. Qf3 {[%clk 00:45:51]} Ne5 {[%clk 01:10:44]} 15. Qxc3
{[%clk 00:37:42]} Rd8 {[%clk 01:09:40]} 16. Bf4 {[%clk 00:36:26]} Bg7 {[%clk
01:09:49]} 17. Bxe5 {[%clk 00:36:38]} Bxe5 {[%clk 01:10:12]} 18. Qxe5 {[%clk
00:36:40]} Qxe5 {[%clk 01:10:35]} 19. Rxe5 {[%clk 00:36:48]} Rd2 {[%clk
01:10:36]} 20. Rxe6 {[%clk 00:36:49]} O-O {[%clk 01:08:54]} 21. Nf3 {[%clk
00:36:57]} Rxb2 {[%clk 01:08:32]} 22. Rxe7 {[%clk 00:36:45]} Nd5 {[%clk
01:08:14]} 23. Ree1 {[%clk 00:36:31]} Nf4 {[%clk 01:07:55]} 24. Reb1 {[%clk
00:36:06]} Re2 {[%clk 01:07:43]} 25. Nc4 {[%clk 00:35:37]} b5 {[%clk 01:07:03]}
26. Nce5 {[%clk 00:34:37]} Rc2 {[%clk 01:04:02]} 27. Nd4 {[%clk 00:33:41]} Rd2
{[%clk 01:04:15]} 28. Nef3 {[%clk 00:33:21]} Rd3 {[%clk 01:03:41]} 29. Rd1
{[%clk 00:33:08]} Ra3 {[%clk 01:02:12]} 30. g3 {[%clk 00:31:21]} Nd3 {[%clk
01:01:16]} 31. Kg2 {[%clk 00:30:02]} Nc5 {[%clk 00:59:21]} 32. Rac1 {[%clk
00:29:25]} Na4 {[%clk 00:56:19]} 33. Rc7 {[%clk 00:28:22]} Rf7 {[%clk
00:53:43]} 34. Rdc1 {[%clk 00:26:18]} Rxa2 {[%clk 00:54:02]} 35. Ne6 {[%clk
00:26:27]} Rxc7 {[%clk 00:54:24]} 36. Rxc7 {[%clk 00:25:24]} h6 {[%clk
00:54:46]} 37. Ne5 1-0

[Event "DVM U14 2021"]
[Site "Willingen GER"]
[Date "2022.08.15"]
[Round "5"]
[White "Fock, Madiha"]
[Black "Schön, Florian"]
[Result "1/2-1/2"]
[Termination "normal"]
[Board "5.2"]
[WhiteElo "1472"]
[BlackElo "1702"]
[WhiteClock "00:33:55"]
[BlackClock "00:30:44"]
[WhiteTeam "TSG Oberschöneweide"]
[BlackTeam "VfB Schach Leipzig"]
[PlyCount "115"]
[WhiteFideId "16253574"]
[BlackFideId "16259394"]
[EventCountry "GER"]
[EventRounds "7"]
[EventType "team-swiss"]
[EventDate "2022.08.12"]

1. e4 {[%clk 01:30:59]} {[%emt 00:00:01]} e5 {[%clk 01:30:55]} {[%emt
00:00:05]} 2. Nf3 {[%clk 01:31:24]} {[%emt 00:00:04]} Nc6 {[%clk 01:31:21]}
{[%emt 00:00:05]} 3. Nc3 {[%clk 01:31:48]} {[%emt 00:00:07]} Nf6 {[%clk
01:30:41]} {[%emt 00:01:09]} 4. d4 {[%clk 01:31:37]} {[%emt 00:00:41]} exd4
{[%clk 01:31:05]} {[%emt 00:00:06]} 5. Nxd4 {[%clk 01:32:02]} {[%emt 00:00:06]}
Nxe4 {[%clk 01:29:37]} {[%emt 00:01:57]} 6. Nxe4 {[%clk 01:31:44]} {[%emt
00:00:48]} Qe7 {[%clk 01:29:40]} {[%emt 00:00:28]} 7. f3 {[%clk 01:31:12]}
{[%emt 00:01:02]} d5 {[%clk 01:29:54]} {[%emt 00:00:15]} 8. Bb5 {[%clk
01:30:39]} {[%emt 00:01:03]} Bd7 {[%clk 01:27:51]} {[%emt 00:02:33]} 9. O-O
{[%clk 01:23:14]} {[%emt 00:07:54]} dxe4 {[%clk 01:26:32]} {[%emt 00:01:51]}
10. Bxc6 {[%clk 01:21:34]} {[%emt 00:02:09]} bxc6 {[%clk 01:18:38]} {[%emt
00:08:24]} 11. fxe4 {[%clk 01:21:10]} {[%emt 00:00:54]} g6 {[%clk 01:13:28]}
{[%emt 00:05:40]} 12. Qf3 {[%clk 01:18:13]} {[%emt 00:03:26]} Bg7 {[%clk
01:13:09]} {[%emt 00:00:50]} 13. c3 {[%clk 01:05:14]} {[%emt 00:13:29]} O-O
{[%clk 01:12:23]} {[%emt 00:01:15]} 14. Bf4 {[%clk 01:04:28]} {[%emt 00:01:16]}
Rab8 {[%clk 01:06:25]} {[%emt 00:06:29]} 15. Rab1 {[%clk 01:00:56]} {[%emt
00:04:02]} Rb7 {[%clk 01:06:23]} {[%emt 00:00:32]} 16. e5 {[%clk 00:57:38]}
{[%emt 00:03:48]} Qc5 {[%clk 01:02:35]} {[%emt 00:04:17]} 17. b4 {[%clk
00:47:34]} {[%emt 00:10:34]} Qd5 {[%clk 01:00:43]} {[%emt 00:02:23]} 18. Qe2
{[%clk 00:47:22]} {[%emt 00:00:42]} c5 {[%clk 00:55:12]} {[%emt 00:06:01]} 19.
Qf3 {[%clk 00:43:35]} {[%emt 00:04:16]} Qxf3 {[%clk 00:54:25]} {[%emt
00:01:17]} 20. Nxf3 {[%clk 00:44:01]} {[%emt 00:00:05]} Bf5 {[%clk 00:52:12]}
{[%emt 00:02:43]} 21. Rb2 {[%clk 00:41:47]} {[%emt 00:02:44]} cxb4 {[%clk
00:51:41]} {[%emt 00:01:01]} 22. cxb4 {[%clk 00:41:33]} {[%emt 00:00:44]} c5
{[%clk 00:50:06]} {[%emt 00:02:05]} 23. a3 {[%clk 00:36:14]} {[%emt 00:05:50]}
Rfb8 {[%clk 00:48:48]} {[%emt 00:01:47]} 24. Be3 {[%clk 00:34:22]} {[%emt
00:02:21]} cxb4 {[%clk 00:46:24]} {[%emt 00:02:55]} 25. Rxb4 {[%clk 00:32:59]}
{[%emt 00:01:53]} Rxb4 {[%clk 00:44:38]} {[%emt 00:02:16]} 26. axb4 {[%clk
00:33:14]} {[%emt 00:00:15]} Rxb4 {[%clk 00:42:27]} {[%emt 00:02:42]} 27. Bxa7
{[%clk 00:33:20]} {[%emt 00:00:23]} Rb1 {[%clk 00:35:20]} {[%emt 00:07:37]} 28.
Rxb1 {[%clk 00:30:07]} {[%emt 00:03:43]} Bxb1 {[%clk 00:35:49]} 29. Kf2 {[%clk
00:30:21]} {[%emt 00:00:16]} Kf8 {[%clk 00:32:27]} {[%emt 00:03:52]} 30. Bc5+
{[%clk 00:26:01]} {[%emt 00:04:50]} Ke8 {[%clk 00:32:28]} {[%emt 00:00:29]} 31.
Ke3 {[%clk 00:26:01]} {[%emt 00:00:30]} h6 {[%clk 00:31:50]} {[%emt 00:01:07]}
32. Kd4 {[%clk 00:24:22]} {[%emt 00:02:09]} Kd7 {[%clk 00:32:00]} {[%emt
00:00:20]} 33. h3 {[%clk 00:21:47]} {[%emt 00:03:05]} Ke6 {[%clk 00:31:04]}
{[%emt 00:01:27]} 34. g4 {[%clk 00:21:16]} {[%emt 00:01:01]} Bc2 {[%clk
00:29:59]} {[%emt 00:01:35]} 35. Ba7 {[%clk 00:19:14]} {[%emt 00:02:32]} Bd1
{[%clk 00:29:49]} {[%emt 00:00:39]} 36. Ne1 {[%clk 00:17:23]} {[%emt 00:02:21]}
Bxe5+ {[%clk 00:30:08]} {[%emt 00:00:12]} 37. Ke4 {[%clk 00:17:03]} {[%emt
00:00:49]} Ba4 {[%clk 00:23:58]} {[%emt 00:06:41]} 38. Be3 {[%emt 00:04:38]}
Bc6+ {[%clk 00:21:30]} 39. Kd3 {[%clk 00:16:16]} {[%emt 00:00:07]} g5 {[%clk
00:20:57]} {[%emt 00:01:03]} 40. Ke2 {[%clk 00:14:13]} {[%emt 00:02:31]} Be4
{[%clk 00:15:53]} {[%emt 00:05:35]} 41. Bc5 {[%clk 00:11:06]} {[%emt 00:03:37]}
Bd6 {[%clk 00:14:19]} {[%emt 00:02:04]} 42. Bd4 {[%clk 00:09:10]} {[%emt
00:02:27]} f6 {[%clk 00:13:28]} {[%emt 00:01:21]} 43. Ke3 {[%clk 00:07:46]}
{[%emt 00:01:54]} Bh1 {[%clk 00:08:51]} {[%emt 00:05:07]} 44. Kf2 {[%clk
00:05:58]} {[%emt 00:02:17]} Bb4 {[%emt 00:09:28]} 45. Ng2 {[%clk 00:04:33]}
Bxg2 {[%clk 00:00:49]} {[%emt 00:01:29]} 46. Kxg2 {[%clk 00:05:03]} {[%emt
00:00:02]} Bf8 {[%clk 00:01:04]} {[%emt 00:00:14]} 47. Kf3 {[%clk 00:03:54]}
{[%emt 00:01:39]} f5 {[%clk 00:01:20]} {[%emt 00:00:14]} 48. Bc3 {[%clk
00:03:58]} {[%emt 00:00:26]} f4 {[%clk 00:30:19]} {[%emt 00:01:31]} 49. Bb2
{[%clk 00:32:38]} {[%emt 00:01:50]} Kf7 {[%clk 00:30:16]} {[%emt 00:00:33]} 50.
Bc3 {[%clk 00:31:49]} {[%emt 00:01:19]} Bg7 {[%clk 00:30:13]} {[%emt 00:00:33]}
51. Bb4 {[%clk 00:32:09]} {[%emt 00:00:10]} Ke6 {[%clk 00:30:29]} {[%emt
00:00:13]} 52. Ba5 {[%clk 00:32:23]} {[%emt 00:00:17]} Kd5 {[%clk 00:30:43]}
{[%emt 00:00:15]} 53. Bd8 {[%clk 00:32:41]} {[%emt 00:00:13]} Kd4 {[%clk
00:30:55]} {[%emt 00:00:18]} 54. h4 {[%clk 00:32:55]} {[%emt 00:00:16]} gxh4
{[%clk 00:30:24]} {[%emt 00:01:01]} 55. Bxh4 {[%clk 00:33:23]} {[%emt
00:00:02]} Be5 {[%clk 00:30:17]} {[%emt 00:00:37]} 56. g5 {[%clk 00:33:34]}
{[%emt 00:00:19]} h5 {[%clk 00:30:31]} {[%emt 00:00:16]} 57. g6 {[%clk
00:33:55]} {[%emt 00:00:08]} Kd5 {[%clk 00:30:44]} {[%emt 00:00:18]} 58. Ke4+
{[%emt 00:00:41]} 1/2-1/2

[Event "DVM U14 2021"]
[Site "Willingen GER"]
[Date "2022.08.15"]
[Round "5"]
[White "Sidletskyi, Ivan"]
[Black "Aravindan, Midhulan"]
[Result "1-0"]
[Termination "normal"]
[Board "6.1"]
[WhiteElo "2075"]
[BlackElo "1642"]
[WhiteClock "00:15:10"]
[BlackClock "00:23:14"]
[WhiteTeam "SC ML Kastellaun"]
[BlackTeam "Schachgemeinschaft Porz"]
[PlyCount "65"]
[WhiteFideId "14156024"]
[BlackFideId "16237250"]
[EventCountry "GER"]
[EventRounds "7"]
[EventType "team-swiss"]
[EventDate "2022.08.12"]

1. c4 {[%clk 01:30:50]} {[%emt 00:02:04]} c5 {[%clk 01:27:43]} 2. Nc3 {[%clk
01:31:05]} Nc6 {[%clk 01:25:36]} 3. g3 {[%clk 01:31:08]} g6 {[%clk 01:24:20]}
4. Bg2 {[%clk 01:31:12]} Bg7 {[%clk 01:20:19]} 5. d3 {[%clk 01:29:04]} Nf6
{[%clk 01:17:49]} 6. e4 {[%clk 01:27:16]} d6 {[%clk 01:17:39]} 7. Nge2 {[%clk
01:21:13]} Bd7 {[%clk 01:14:07]} 8. h3 {[%clk 01:11:22]} a6 {[%clk 01:13:29]}
9. Be3 {[%clk 01:03:41]} Rb8 {[%clk 01:12:55]} 10. a4 {[%clk 01:00:31]} Qb6
{[%clk 01:08:53]} 11. O-O {[%clk 00:57:02]} O-O {[%clk 01:07:51]} 12. f4 {[%clk
00:53:05]} Nd4 {[%clk 00:57:00]} 13. Ra2 {[%clk 00:48:41]} e5 {[%clk 00:55:16]}
14. g4 {[%clk 00:44:41]} h5 {[%clk 00:55:05]} 15. g5 {[%clk 00:44:26]} Nh7
{[%clk 00:53:35]} 16. Nd5 {[%clk 00:43:27]} Qd8 {[%clk 00:42:25]} 17. h4 {[%clk
00:39:08]} Bg4 {[%clk 00:42:10]} 18. Bxd4 {[%clk 00:38:18]} exd4 {[%clk
00:38:22]} 19. a5 {[%clk 00:35:57]} f6 {[%clk 00:33:28]} 20. Qd2 {[%clk
00:33:45]} fxg5 {[%clk 00:33:49]} 21. hxg5 {[%clk 00:32:40]} Rf7 {[%clk
00:31:20]} 22. b4 {[%clk 00:27:55]} Nf8 {[%clk 00:30:57]} 23. bxc5 {[%clk
00:27:25]} dxc5 {[%clk 00:30:16]} 24. e5 {[%clk 00:25:34]} Ne6 {[%clk
00:30:15]} 25. Ng3 {[%clk 00:24:00]} Nc7 {[%clk 00:29:49]} 26. Ne4 {[%clk
00:21:09]} Be6 {[%clk 00:24:15]} 27. Ndf6+ {[%clk 00:20:54]} Bxf6 {[%clk
00:24:32]} 28. gxf6 {[%clk 00:20:01]} Qf8 {[%clk 00:24:25]} 29. Rb2 {[%clk
00:17:05]} h4 {[%clk 00:23:10]} 30. Ng5 {[%clk 00:16:44]} Qh6 {[%clk 00:22:30]}
31. Nxf7 {[%clk 00:16:50]} Kxf7 {[%clk 00:22:52]} 32. f5 {[%clk 00:16:13]} Qxd2
{[%clk 00:23:14]} 33. fxe6+ {[%clk 00:15:10]} *

[Event "DVM U14 2021"]
[Site "Willingen GER"]
[Date "2022.08.15"]
[Round "5"]
[White "Fettig, Konrad"]
[Black "Marcziter, Alex"]
[Result "1/2-1/2"]
[Termination "normal"]
[Board "6.3"]
[WhiteElo "1677"]
[BlackElo "1466"]
[WhiteClock "00:15:28"]
[BlackClock "00:25:00"]
[WhiteTeam "SC ML Kastellaun"]
[BlackTeam "Schachgemeinschaft Porz"]
[PlyCount "73"]
[WhiteFideId "34622888"]
[BlackFideId "16258126"]
[EventCountry "GER"]
[EventRounds "7"]
[EventType "team-swiss"]
[EventDate "2022.08.12"]

1. e4 {[%clk 01:30:35]} e5 {[%clk 01:31:14]} 2. Nf3 {[%clk 01:30:43]} Nc6
{[%clk 01:31:40]} 3. Bc4 {[%clk 01:30:27]} Nf6 {[%clk 01:31:53]} 4. d3 {[%clk
01:28:14]} Be7 {[%clk 01:31:17]} 5. Be3 {[%clk 01:26:56]} O-O {[%clk 01:31:06]}
6. O-O {[%clk 01:24:30]} d6 {[%clk 01:29:45]} 7. h3 {[%clk 01:21:24]} h6 {[%clk
01:28:11]} 8. Nc3 {[%clk 01:19:20]} Be6 {[%clk 01:26:42]} 9. Bb3 {[%clk
01:12:27]} d5 {[%clk 01:25:41]} 10. Nxd5 {[%clk 01:12:40]} Nxd5 {[%clk
01:26:01]} 11. exd5 {[%clk 01:12:47]} Bxd5 {[%clk 01:25:30]} 12. Bxd5 {[%clk
01:13:02]} Qxd5 {[%clk 01:20:31]} 13. Nd2 {[%clk 01:11:39]} f5 {[%clk
01:18:31]} 14. f3 {[%clk 01:07:49]} Rad8 {[%clk 01:16:27]} 15. Nb3 {[%clk
01:05:40]} Rf6 {[%clk 01:14:12]} 16. Qe2 {[%clk 00:59:45]} Rg6 {[%clk
01:09:33]} 17. Rae1 {[%clk 00:57:15]} Qe6 {[%clk 01:02:21]} 18. f4 {[%clk
00:51:49]} Bd6 {[%clk 00:55:21]} 19. fxe5 {[%clk 00:50:05]} Qxe5 {[%clk
00:54:12]} 20. Bf4 {[%clk 00:48:49]} Qd5 {[%clk 00:51:29]} 21. Bxd6 {[%clk
00:46:16]} Rdxd6 {[%clk 00:48:40]} 22. Qf3 {[%clk 00:37:29]} Rgf6 {[%clk
00:47:45]} 23. Qxd5+ {[%clk 00:37:41]} Rxd5 {[%clk 00:45:54]} 24. a3 {[%clk
00:35:39]} Kf7 {[%clk 00:44:38]} 25. Rf2 {[%clk 00:34:29]} Re6 {[%clk
00:44:05]} 26. Rxe6 {[%clk 00:34:51]} Kxe6 {[%clk 00:44:17]} 27. Re2+ {[%clk
00:33:08]} Kf7 {[%clk 00:43:12]} 28. Kf2 {[%clk 00:31:11]} g6 {[%clk 00:40:09]}
29. h4 {[%clk 00:29:51]} b6 {[%clk 00:37:27]} 30. Nd2 {[%clk 00:27:08]} Nd4
{[%clk 00:30:02]} 31. c4 {[%clk 00:24:43]} Nxe2 {[%clk 00:30:25]} 32. cxd5
{[%clk 00:24:55]} Nf4 {[%clk 00:29:58]} 33. Nc4 {[%clk 00:23:38]} Nxd3+ {[%clk
00:28:33]} 34. Ke3 {[%clk 00:20:34]} Nc5 {[%clk 00:27:23]} 35. d6 {[%clk
00:16:58]} cxd6 {[%clk 00:27:00]} 36. Nxd6+ {[%clk 00:15:28]} Ke6 {[%clk
00:25:00]} 37. Nc8 1/2-1/2